000 00658cam a2200229u 4500
999 _c7484
_d7484
001 7484
003 BD-JhCC
005 20180211101015.0
008 821208s1956 maua 000 0 eng
035 _a(BD-JhCC)7484
040 _aDLC
_cCarP
_dDLC
_dBD-JhCC
041 _aeng
050 0 0 _aE178.1
_b.C184 1956
082 _bCAN 1956
_a973
100 1 _aCanfield, Leon H.
_q(Leon Hardy),
_d1886-
245 1 4 _aThe making of modern America /
_c Leon H. Canfield, Howard Baker Wilder,
260 _a[Boston]
_bHoughton Mifflin Co.
_c[c1956]
300 _a784 p.
_billus.
_c25 cm.
700 1 _aWilder, Howard Baker,
_d1901-
942 _2ddc
_cBK